LIBRARY & INFORMATION CENTRE, KCAET, TAVANUR

ONLINE PUBLIC ACCESS CATALOGUE (OPAC)

Mruka Nayani / (Record no. 893)

MARC details
000 -LEADER
fixed length control field 00406cam a2200169ua 4500
041 ## - LANGUAGE CODE
Language code of text/sound track or separate title mal
082 ## - DEWEY DECIMAL CLASSIFICATION NUMBER
Classification number 894.812308
Item number VRI/MR
100 ## - MAIN ENTRY--AUTHOR NAME
Personal name Vrindavanlal, Varma .
245 ## - TITLE STATEMENT
Title Mruka Nayani /
260 ## - PUBLICATION, DISTRIBUTION, ETC. (IMPRINT)
Place of publication Thrissur :
Name of publisher Current Books ,
Year of publication 1965.
300 ## - PHYSICAL DESCRIPTION
Number of Pages 120 ; .
942 ## - ADDED ENTRY ELEMENTS (KOHA)
Koha item type Books
Holdings
Withdrawn status Lost status Damaged status Home library Current library Date acquired Full call number Accession Number Koha item type
Withdrawn     KAUAET KAUAET 07/04/2012 894.812308 7913 Books
free website counter